Проектування баз і сховищ даних (Запис № 340080)

МАРК-запис
000 -Лідер
fixed length control field 00805nam a22002537a 4500
001 - Контрольний номер
control field 53992
003 - Ідентифікатор контрольного номера
control field UA-OsUOA
005 - Дата та час останнього входження (трансакції)
control field 20200327205428.0
007 - Фіксоване поле фізичного опису
fixed length control field ta
008 - Елементи даних фіксованої довжини – загальна інформація
fixed length control field 20080513b un ||||| |||| 00| 0 ukr d
020 ## - Міжнародний стандартний книжковий номер (ISBN)
Міжнародний стандартний книжковий номер (ISBN) (НП) 966-574-762-2
040 ## - Джерело каталогізації
Агенція оригінальної каталогізації UA-OsUOA
Мова каталогізації ukr
Агенція, яка здійснювала перезапис UA-OsUOA
Агенція, яка здійснювала модифікацію UA-OsUOA
041 ## - Код мови
Код мови тексту/ звукової доріжки чи окремого заголовка (П) ukr
080 ## - Індекс Універсальної десяткової класифікації
Індекс Універсальної десяткової класифікації (УДК) (НП) 330. 46:004(075.8)
090 ## - Локальний шифр розміщення
Класифікаційний індекс УДК 330. 46:004(075.8)
Авторський знак (НП) С 41
100 ## - Основне введення – ім’я особи
Ім’я особи (НП) Ситник Н.В.
245 ## - Відомості про назву
Назва (НП) Проектування баз і сховищ даних
Решта назви (НП) Навчально-методичний посібник для самостійного вивчення дисципліни
260 ## - Публікація, розповсюдження і т.п. (Вихідні дані)
Місце публікації, розповсюдження і т.п. (П) К.
Ім’я/ наймення видавництва, розповсюджувача і т.п. (П) КНЕУ
Дата публікації, розповсюдження і т.п. (П) 2005
300 ## - Фізичний опис
Обсяг 257 с.
650 #7 - Додаткове предметне введення – тематичний термін
Тематичний термін чи географічна назва, як елемент введення (НП) 330 Економіка взагалі
Джерело заголовка чи терміна UDC
700 ## - Додаткове введення – ім'я особи
Ім’я особи (НП) Краснюк М.Т.
942 ## - Додаткові елементи входу (Коха)
Тип елемента Koha Книги
Source of classification or shelving scheme Universal Decimal Classification
955 ## - Код типу видання за змістом
Код типу видання за змістом (НП) Навчальні видання
Фонди
Стан вилучень Стан втрат Джерело класифікації або схеми стелажів Стан уражень Не для кредиту Постійне місце розташування Поточне розміщення Дата придбання Джерело придбання Вартість, звичайна ціна покупки Інвентарний номер Усього замовленно Повний номер виклику Штрих-код Дата останнього перегляду Ціна ефективна від Тип елемента Koha
    Universal Decimal Classification     АБ - Абонемент НБ АБ - Абонемент НБ 13/05/2008 59/2008 67.00 113212   330. 46:004(075.8) С 41 113212 20/10/2021 13/05/2008 Книги
    Universal Decimal Classification     АБ - Абонемент НБ АБ - Абонемент НБ 13/05/2008 59/2008 67.00 113213   330. 46:004(075.8) С 41 113213 20/10/2021 13/05/2008 Книги
    Universal Decimal Classification     АБ - Абонемент НБ АБ - Абонемент НБ 13/05/2008 59/2008 67.00 113214   330. 46:004(075.8) С 41 113214 20/10/2021 13/05/2008 Книги
    Universal Decimal Classification     АБ - Абонемент НБ АБ - Абонемент НБ 13/05/2008 59/2008 67.00 113215   330. 46:004(075.8) С 41 113215 20/10/2021 13/05/2008 Книги
    Universal Decimal Classification     АБ - Абонемент НБ АБ - Абонемент НБ 13/05/2008 59/2008 67.00 113216   330. 46:004(075.8) С 41 113216 20/10/2021 13/05/2008 Книги